Statistics for Words Derived From Mythological Entities

Click here to take the quiz!

General Stats

  • This quiz has been taken 36 times
  • The average score is 18 of 23

Answer Stats

WordHintMyth% Correct
ChronicGod of TimeChronos
97%
EroticGod of LoveEros
94%
AphrodisiacGoddess of Sexual LoveAphrodite
91%
HeliotropeGod of the SunHelios
91%
LunaticGoddess of the MoonLuna
88%
MercurialMessenger GodMercury
88%
MorphineGod of SleepMorpheus
88%
TitaniumThe deities that preceded the OlympiansTitan
88%
BacchanaliaGod of WineBacchus
85%
JuneQueen of the GodsJuno
85%
MarchGod of WarMars
85%
ATitan condemned to hold up the celestial heavens for eternityAtlas
82%
ESound repeated or reverberated after the original sound has stoppedEcho
82%
HypnosisPersonification of SleepHypnos
82%
NarcissismVain half-nymph and half-god, who was too proud of his own looksNarcissus
82%
NA long-standing rival; an archenemyNemesis
79%
JanuaryGod of Beginnings and TransitionsJanus
76%
MusicDeities that give artists, philosophers and individuals inspiration for creationMuse
76%
CerealGoddess of AgricultureCeres
68%
TantalizingKing punished in Hades to everlasting thirst and hungerTantalus
68%
OA long wandering or voyage usually marked by many changes of fortuneOdysseus
50%
GenieSupernatural creatures in early pre-Islamic mythologyJinn
44%
ClothOne of the Three FatesClotho
26%

Score Distribution

Percentile by Number Answered

Percent of People with Each Score

Your Score History

You have not taken this quiz